[Event "Montevideo zt 2.5"]
[Site "Montevideo"]
[Date "2019.04.16"]
[Round "6"]
[White "Michailov, Matias"]
[Black "Sosa Macho, Juan Manuel"]
[Result "0-1"]
[WhiteElo "2264"]
[BlackElo "2076"]
[PlyCount "90"]
[EventDate "2019.04.13"]
[EventType "swiss"]
[EventRounds "9"]
[EventCountry "URU"]
[SourceTitle "CBM 189 Extra"]
[Source "ChessBase"]
[SourceDate "2019.06.03"]
[SourceVersion "1"]
[SourceVersionDate "2019.06.03"]
[SourceQuality "1"]

1. e4 c5 2. Nf3 g6 3. d3 Bg7 4. g3 d6 5. Bg2 e6 6. 0-0 Ne7 7. c3 0-0 8. d4 Nbc6 9. dxc5 dxc5 10. Qe2 Qc7 11. a4 e5 12. Na3 Na5 13. Nb5 Qc6 14. Rd1 Be6 15. Rd6 Qc8 16. Bg5 Nec6 17. b4 cxb4 18. cxb4 Nb3 19. Rad1 a6 20. Nc3 Nbd4 21. Nxd4 Nxd4 22. R6xd4 exd4 23. Nd5 Bxd5 24. exd5 Qd7 25. a5 Rfe8 26. Qf3 Rac8 27. Bd2 Rc2 28. h4 h5 29. Kh2 Rd8 30. Bg5 Rdc8 31. Bh3 f5 32. Bg2 Be5 33. Rd2 Qd6 34. Qe2 Rxd2 35. Bxd2 f4 36. Be1 Qf6 37. Bh3 Rf8 38. Qe4 Kg7 39. Kg2 Bd6 40. Qe6 Qxe6 41. Bxe6 f3+ 42. Kf1 Kf6 43. Bd2 Rb8 44. Bd7 b6 45. b5 bxa5 0-1

[Event "Montevideo zt 2.5"]
[Site "Montevideo"]
[Date "2019.04.14"]
[Round "3"]
[White "Sosa Macho, Juan Manuel"]
[Black "Jodorcovsky Werjivker, Paulo"]
[Result "0-1"]
[WhiteElo "2076"]
[BlackElo "2257"]
[PlyCount "90"]
[EventDate "2019.04.13"]
[EventType "swiss"]
[EventRounds "9"]
[EventCountry "URU"]
[SourceTitle "CBM 189 Extra"]
[Source "ChessBase"]
[SourceDate "2019.06.03"]
[SourceVersion "1"]
[SourceVersionDate "2019.06.03"]
[SourceQuality "1"]

1. d4 d5 2. c4 e6 3. Nc3 c6 4. Nf3 dxc4 5. a4 Bb4 6. e3 b5 7. Bd2 a5 8. axb5 Bxc3 9. Bxc3 cxb5 10. b3 Bb7 11. bxc4 b4 12. Bb2 Nf6 13. Bd3 Nbd7 14. 0-0 0-0 15. Nd2 Re8 16. f4 Nc5 17. Bc2 Nce4 18. Ba4 Nxd2 19. Qxd2 Ne4 20. Qe2 f5 21. Rfc1 Re7 22. c5 Bd5 23. Bb5 Rea7 24. Qc2 Qc7 25. Ra4 Bc6 26. Qc4 Qd7 27. Bxc6 Qxc6 28. Rca1 Nf6 29. Qe2 Kf7 30. h3 Qe4 31. Bc1 Nd5 32. Qh5+ Kg8 33. Bd2 Nxf4 34. Qg5 Nd5 35. Rxa5 Rxa5 36. Rxa5 Rxa5 37. Qd8+ Kf7 38. Qxa5 f4 39. Qa7+ Kg6 40. Qb8 fxe3 41. Qg3+ Kf7 42. Bc1 e2 43. Qf2+ Kg8 44. Bd2 b3 45. c6 b2 0-1

[Event "URU-ch 90th"]
[Site "Montevideo"]
[Date "2019.03.19"]
[Round "4"]
[White "Sosa Macho, Juan Manuel"]
[Black "Lopez Azambuja, Nicolas"]
[Result "0-1"]
[WhiteElo "2072"]
[BlackElo "2335"]
[PlyCount "94"]
[EventDate "2019.03.16"]
[EventType "tourn"]
[EventRounds "9"]
[EventCountry "URU"]
[EventCategory "2"]
[SourceTitle "CBM 189 Extra"]
[Source "ChessBase"]
[SourceDate "2019.06.03"]
[SourceVersion "1"]
[SourceVersionDate "2019.06.03"]
[SourceQuality "1"]

1. d4 Nf6 2. c4 e6 3. Nf3 d5 4. Nc3 dxc4 5. e4 b5 6. e5 Nd5 7. Nxb5 Nb6 8. g3 Be7 9. Bg2 Bb7 10. 0-0 Nc6 11. Be3 0-0 12. h4 Nb4 13. Nc3 N4d5 14. Bg5 Nxc3 15. bxc3 Rb8 16. Qc2 h6 17. Bd2 Qd7 18. h5 Qa4 19. Qc1 Ba3 20. Qe1 Qc2 21. Nh2 Bxg2 22. Kxg2 Nd5 23. Bc1 Be7 24. Ng4 Qxc3 25. Qxc3 Nxc3 26. Ne3 Rfd8 27. Nc2 Nd5 28. f4 Bb4 29. a3 Bc3 30. Ra2 Rb1 31. g4 Rdb8 32. g5 Bb2 33. Bd2 Rxf1 34. Kxf1 c3 35. Be1 Nxf4 36. gxh6 gxh6 37. a4 a5 38. Bf2 Nd5 39. Be3 Nb4 40. Nxb4 axb4 41. a5 b3 42. Ra4 c2 43. a6 Bxd4 44. Rxd4 b2 45. a7 b1Q+ 46. Kf2 Ra8 47. Rc4 Rxa7 0-1

[Event "URU-ch 90th"]
[Site "Montevideo"]
[Date "2019.03.18"]
[Round "3"]
[White "Coppola, Claudio"]
[Black "Sosa Macho, Juan Manuel"]
[Result "1-0"]
[WhiteElo "2225"]
[BlackElo "2072"]
[PlyCount "97"]
[EventDate "2019.03.16"]
[EventType "tourn"]
[EventRounds "9"]
[EventCountry "URU"]
[EventCategory "2"]
[SourceTitle "CBM 189 Extra"]
[Source "ChessBase"]
[SourceDate "2019.06.03"]
[SourceVersion "1"]
[SourceVersionDate "2019.06.03"]
[SourceQuality "1"]

1. d4 Nf6 2. Nc3 d5 3. Bf4 c5 4. e3 cxd4 5. exd4 g6 6. Nb5 Na6 7. Bd3 Bg7 8. Be5 0-0 9. c3 Nh5 10. Bxg7 Nxg7 11. Nf3 Bf5 12. h4 Qb6 13. a4 Qe6+ 14. Kf1 Bg4 15. Ng5 Qd7 16. Be2 Bxe2+ 17. Qxe2 f6 18. Nf3 Nb8 19. c4 dxc4 20. Qxc4+ e6 21. Re1 Rc8 22. Qe2 Nc6 23. Qe4 Ne7 24. g3 Rc4 25. b3 Rc6 26. Kg2 a6 27. Na3 Rc3 28. Nc4 Rxb3 29. Rb1 Rxb1 30. Rxb1 Rb8 31. Qf4 Rf8 32. Qd6 Rd8 33. Rxb7 Qxd6 34. Nxd6 Rxd6 35. Rxe7 h5 36. Ra7 Kh7 37. Kf1 Kh6 38. Rf7 Ne8 39. Re7 Ng7 40. Rf7 f5 41. Ng5 f4 42. Rf8 Nf5 43. Rxf5 gxf5 44. Nf7+ Kg6 45. Nxd6 fxg3 46. fxg3 Kf6 47. Nb7 e5 48. dxe5+ Kxe5 49. Nc5 1-0

[Event "URU-ch 90th"]
[Site "Montevideo"]
[Date "2019.03.17"]
[Round "2"]
[White "Sosa Macho, Juan Manuel"]
[Black "Hoffman, Alejandro"]
[Result "0-1"]
[WhiteElo "2072"]
[BlackElo "2454"]
[PlyCount "66"]
[EventDate "2019.03.16"]
[EventType "tourn"]
[EventRounds "9"]
[EventCountry "URU"]
[EventCategory "2"]
[SourceTitle "CBM 189 Extra"]
[Source "ChessBase"]
[SourceDate "2019.06.03"]
[SourceVersion "1"]
[SourceVersionDate "2019.06.03"]
[SourceQuality "1"]

1. d4 Nf6 2. c4 e6 3. Nf3 c5 4. g3 cxd4 5. Nxd4 d5 6. Bg2 Bb4+ 7. Nc3 0-0 8. 0-0 dxc4 9. e4 Nbd7 10. Be3 Ne5 11. Kh1 Nfg4 12. Nc2 Nxe3 13. Nxe3 Bc5 14. Qe2 Qd3 15. Qh5 Bxe3 16. Rad1 Qc2 17. Qxe5 Bb6 18. Qb5 e5 19. Nd5 Bd4 20. Qb4 Bd7 21. Qxb7 Bg4 22. Rb1 Rab8 23. Qc7 Be2 24. Rfc1 Rxb2 25. Ra1 Qd2 26. h4 h5 27. Ne7+ Kh7 28. Nf5 Bg4 29. Rf1 Bxf2 30. Rab1 Rc2 31. Rxf2 Qxf2 32. Rg1 Bf3 33. Ne3 Qxg3 0-1

[Event "URU-ch sf"]
[Site "Montevideo"]
[Date "2019.03.03"]
[Round "4"]
[White "Campopiano, Julio"]
[Black "Sosa Macho, Juan Manuel"]
[Result "0-1"]
[WhiteElo "1785"]
[BlackElo "2072"]
[PlyCount "62"]
[EventDate "2019.03.01"]
[EventType "swiss"]
[EventRounds "8"]
[EventCountry "URU"]
[SourceTitle "CBM 189 Extra"]
[Source "ChessBase"]
[SourceDate "2019.06.03"]
[SourceVersion "1"]
[SourceVersionDate "2019.06.03"]
[SourceQuality "1"]

1. c4 g6 2. g3 Bg7 3. Bg2 d6 4. Nc3 Nc6 5. Nf3 e5 6. d3 f5 7. Bg5 Nf6 8. Qd2 h6 9. Bxf6 Bxf6 10. h4 Bg7 11. 0-0-0 0-0 12. e3 a6 13. Ng1 Bd7 14. Bd5+ Kh7 15. h5 g5 16. f4 Qb8 17. Nf3 Ne7 18. Nxg5+ hxg5 19. fxg5 Nxd5 20. Nxd5 Qd8 21. e4 c6 22. g6+ Kg8 23. h6 Bf6 24. Nxf6+ Qxf6 25. g7 Rf7 26. Qg2 Kh7 27. g4 fxg4 28. Rdf1 Qg5+ 29. Kc2 Rf4 30. Rxf4 exf4 31. Qd2 g3 0-1

[Event "Montevideo Duchamp Cup 3rd"]
[Site "Montevideo"]
[Date "2019.02.16"]
[Round "9"]
[White "Sosa Macho, Juan Manuel"]
[Black "Lagar, Valentin Alejo"]
[Result "0-1"]
[WhiteElo "2079"]
[BlackElo "2196"]
[PlyCount "66"]
[EventDate "2019.02.09"]
[EventType "swiss"]
[EventRounds "9"]
[EventCountry "URU"]
[SourceTitle "CBM 188 Extra"]
[Source "ChessBase"]
[SourceDate "2019.02.26"]
[SourceVersion "1"]
[SourceVersionDate "2019.02.26"]
[SourceQuality "1"]

1. d4 d5 2. c4 c6 3. Nc3 Nf6 4. Nf3 e6 5. e3 Nbd7 6. Qc2 Bd6 7. b3 0-0 8. Bb2 b6 9. e4 Nxe4 10. Nxe4 dxe4 11. Qxe4 Bb4+ 12. Kd1 Bb7 13. Bd3 g6 14. h4 h5 15. Kc2 Qe7 16. a3 Bd6 17. b4 Nf6 18. Qe2 c5 19. Ne5 cxb4 20. axb4 Rac8 21. Rxa7 Nd5 22. Kb1 Nf4 23. Qe3 Nxd3 24. Qxd3 Bxe5 25. dxe5 Rfd8 26. Qa3 Rxc4 27. Ka1 Rcc8 28. Bc3 Qc7 29. Kb2 Ra8 30. Ra4 Qc4 31. Rc1 Be4 32. Re1 Rd2+ 33. Kc1 Rc2+ 0-1

[Event "Montevideo Duchamp Cup 3rd"]
[Site "Montevideo"]
[Date "2019.02.14"]
[Round "7"]
[White "Sosa Macho, Juan Manuel"]
[Black "Lopez Azambuja, Nicolas"]
[Result "0-1"]
[WhiteElo "2079"]
[BlackElo "2320"]
[PlyCount "120"]
[EventDate "2019.02.09"]
[EventType "swiss"]
[EventRounds "9"]
[EventCountry "URU"]
[SourceTitle "CBM 188 Extra"]
[Source "ChessBase"]
[SourceDate "2019.02.26"]
[SourceVersion "1"]
[SourceVersionDate "2019.02.26"]
[SourceQuality "1"]

1. d4 Nf6 2. c4 e6 3. Nf3 b6 4. Nbd2 Bb7 5. e3 c5 6. Bd3 cxd4 7. exd4 Be7 8. 0-0 0-0 9. Re1 d5 10. b3 Nc6 11. Bb2 Rc8 12. Rc1 Re8 13. Bb1 Bf8 14. Nf1 g6 15. Ne5 Bg7 16. Ne3 dxc4 17. N3xc4 b5 18. Ne3 Nb4 19. Rxc8 Qxc8 20. Qc1 Nbd5 21. Qxc8 Rxc8 22. Bd3 a6 23. Rc1 Rxc1+ 24. Bxc1 Nb4 25. Bb1 Be4 26. Bxe4 Nxe4 27. a3 Bxe5 28. axb4 Bxd4 29. Kf1 Bc3 30. Nc2 Nf6 31. Be3 Nd5 32. Bc5 f5 33. Ke2 e5 34. g3 Kf7 35. f3 Ke6 36. Kd3 Bb2 37. Ne1 Ba3 38. Nc2 Bc1 39. Ne1 h5 40. Kc2 Bh6 41. Nd3 e4 42. fxe4 fxe4 43. Ne1 Kf5 44. Kd1 Kg4 45. Ke2 Kh3 46. Nc2 Kxh2 47. Kf2 Kh3 48. Ne1 Bd2 49. Nc2 g5 50. Bd6 g4 51. Ke2 e3 52. Kd3 Kg2 53. Ke2 Nc3+ 54. Kd3 Kf3 55. Nd4+ Kf2 56. Be5 Nd5 57. Ke4 Nxb4 58. Bf4 Na2 59. Kf5 Bc3 60. Nc2 e2 0-1

[Event "Montevideo Duchamp Cup 3rd"]
[Site "Montevideo"]
[Date "2019.02.13"]
[Round "6"]
[White "De la Torre, Andres"]
[Black "Sosa Macho, Juan Manuel"]
[Result "0-1"]
[WhiteElo "1634"]
[BlackElo "2079"]
[PlyCount "22"]
[EventDate "2019.02.09"]
[EventType "swiss"]
[EventRounds "9"]
[EventCountry "URU"]
[SourceTitle "CBM 188 Extra"]
[Source "ChessBase"]
[SourceDate "2019.02.26"]
[SourceVersion "1"]
[SourceVersionDate "2019.02.26"]
[SourceQuality "1"]

1. Nf3 Nc6 2. g3 e5 3. d3 d5 4. Bg2 Bg4 5. c3 Be7 6. Nbd2 Qd7 7. e4 dxe4 8. dxe4 0-0-0 9. h3 Be6 10. Qa4 Kb8 11. Nb3 Qd1# 0-1

[Event "Montevideo Duchamp Cup 3rd"]
[Site "Montevideo"]
[Date "2019.02.11"]
[Round "4"]
[White "Baudel, Simon"]
[Black "Sosa Macho, Juan Manuel"]
[Result "0-1"]
[WhiteElo "1847"]
[BlackElo "2079"]
[PlyCount "58"]
[EventDate "2019.02.09"]
[EventType "swiss"]
[EventRounds "9"]
[EventCountry "URU"]
[SourceTitle "CBM 188 Extra"]
[Source "ChessBase"]
[SourceDate "2019.02.26"]
[SourceVersion "1"]
[SourceVersionDate "2019.02.26"]
[SourceQuality "1"]

1. f4 c5 2. Nf3 Nc6 3. g3 g6 4. Bg2 Bg7 5. c3 e6 6. d3 d5 7. 0-0 Nge7 8. e4 0-0 9. Na3 Rb8 10. Nc2 b5 11. Rb1 a5 12. Qe1 b4 13. Bd2 Ba6 14. exd5 exd5 15. Qe2 Re8 16. Rfe1 a4 17. c4 b3 18. axb3 Rxb3 19. Ne5 Nxe5 20. fxe5 dxc4 21. dxc4 Qb6 22. Bc3 Qe6 23. Ne3 Bxe5 24. Nd5 Nxd5 25. Bxd5 Bd4+ 26. Bxd4 Qxe2 27. Rxe2 Rxe2 28. Rf1 cxd4 29. Rxf7 Kh8 0-1

[Event "URU-ch sf"]
[Site "Montevideo"]
[Date "2017.02.27"]
[Round "6"]
[White "Sosa Macho, Juan Manuel"]
[Black "Izquierdo, Sebastian"]
[Result "0-1"]
[WhiteElo "2115"]
[BlackElo "2009"]
[PlyCount "80"]
[EventDate "2017.02.24"]
[EventType "swiss"]
[EventRounds "8"]
[EventCountry "URU"]
[SourceTitle "CBM 177 Extra"]
[Source "ChessBase"]
[SourceDate "2017.04.27"]
[SourceVersion "1"]
[SourceVersionDate "2017.04.27"]
[SourceQuality "1"]

1. d4 Nf6 2. c4 e6 3. Nc3 Bb4 4. Qc2 0-0 5. a3 Be7 6. e4 d6 7. Be2 e5 8. d5 a5 9. b3 c6 10. Rb1 cxd5 11. cxd5 Ne8 12. Nf3 f5 13. Bd3 f4 14. Nd2 g5 15. Nc4 Kh8 16. Bb2 g4 17. Rc1 Bd7 18. b4 axb4 19. axb4 Na6 20. Qb3 Bh4 21. Rc2 Bg5 22. Ba3 b5 23. Na5 Nc5 24. bxc5 Qxa5 25. Ra2 Qc7 26. c6 Bc8 27. Bxd6 Nxd6 28. Rxa8 g3 29. h4 gxf2+ 30. Kf1 Bd8 31. Nxb5 Nxb5 32. Qxb5 f3 33. g3 Qg7 34. Kxf2 Rg8 35. Bf1 Qxg3+ 36. Ke3 Qe1+ 37. Kd3 Qd1+ 38. Ke3 Qd4+ 39. Kxf3 Rf8+ 40. Ke2 Rf2+ 0-1

[Event "URU-ch sf"]
[Site "Montevideo"]
[Date "2017.02.24"]
[Round "1"]
[White "Diano, Gabriel"]
[Black "Sosa Macho, Juan Manuel"]
[Result "0-1"]
[WhiteElo "1824"]
[BlackElo "2115"]
[PlyCount "54"]
[EventDate "2017.02.24"]
[EventType "swiss"]
[EventRounds "8"]
[EventCountry "URU"]
[SourceTitle "CBM 177 Extra"]
[Source "ChessBase"]
[SourceDate "2017.04.27"]
[SourceVersion "1"]
[SourceVersionDate "2017.04.27"]
[SourceQuality "1"]

1. e4 c5 2. Nf3 Nc6 3. d4 cxd4 4. Nxd4 Nf6 5. Nc3 e5 6. Ndb5 d6 7. Bg5 a6 8. Bxf6 gxf6 9. Na3 b5 10. Nd5 Bg7 11. Bd3 Ne7 12. Nxe7 Qxe7 13. c3 f5 14. Nc2 d5 15. exd5 e4 16. Be2 f4 17. Bg4 Qg5 18. Bxc8 Rxc8 19. Qd2 0-0 20. 0-0-0 a5 21. Kb1 b4 22. cxb4 Rc4 23. d6 Qe5 24. Na1 Rxb4 25. Nb3 a4 26. d7 Rd8 27. Qc3 axb3 0-1

[Event "URU-ch"]
[Site "San Jose de Mayo"]
[Date "2015.03.13"]
[Round "11"]
[White "Sosa Macho, Juan Manuel"]
[Black "Lopez Falcon, Jorge"]
[Result "1-0"]
[WhiteElo "2141"]
[BlackElo "2131"]
[PlyCount "81"]
[EventDate "2015.03.06"]
[EventType "tourn"]
[EventRounds "11"]
[EventCountry "URU"]
[SourceTitle "CBM 165 Extra"]
[Source "ChessBase"]
[SourceDate "2015.04.21"]
[SourceVersion "1"]
[SourceVersionDate "2015.04.21"]
[SourceQuality "1"]

1. d4 Nf6 2. c4 e6 3. Nc3 Bb4 4. f3 c5 5. d5 b5 6. Bg5 h6 7. Bh4 Qa5 8. Bxf6 gxf6 9. Qd2 bxc4 10. e4 d6 11. Bxc4 e5 12. Nge2 Nd7 13. 0-0 Nb6 14. Bd3 c4 15. Bc2 Bd7 16. Kh1 Ke7 17. f4 Rag8 18. Ng3 Bc5 19. Bd1 h5 20. Nxh5 Bg4 21. Bxg4 Rxg4 22. Qe2 Rh4 23. g4 Bd4 24. Qf3 f5 25. exf5 Bxc3 26. bxc3 Qxd5 27. fxe5 dxe5 28. f6+ Ke6 29. Rad1 Qxf3+ 30. Rxf3 Rxg4 31. Ng7+ Rxg7 32. fxg7 Rg8 33. Rg1 Nd5 34. Rh3 f5 35. Rh8 Kf7 36. Rxg8 Kxg8 37. h4 Nxc3 38. h5 Ne4 39. Rg6 Nf2+ 40. Kg2 Ng4 41. h6 1-0

[Event "URU-ch"]
[Site "San Jose de Mayo"]
[Date "2015.03.11"]
[Round "9"]
[White "Sosa Macho, Juan Manuel"]
[Black "Coppola, Claudio"]
[Result "1-0"]
[WhiteElo "2141"]
[BlackElo "2214"]
[PlyCount "73"]
[EventDate "2015.03.06"]
[EventType "tourn"]
[EventRounds "11"]
[EventCountry "URU"]
[SourceTitle "CBM 165 Extra"]
[Source "ChessBase"]
[SourceDate "2015.04.21"]
[SourceVersion "1"]
[SourceVersionDate "2015.04.21"]
[SourceQuality "1"]

1. d4 Nf6 2. c4 c5 3. d5 b5 4. Nf3 bxc4 5. Nc3 d6 6. e4 g6 7. Bxc4 Bg7 8. e5 dxe5 9. Nxe5 0-0 10. 0-0 Bb7 11. Re1 Nfd7 12. Bf4 Nxe5 13. Bxe5 Bxe5 14. Rxe5 Nd7 15. Re3 Nb6 16. b3 Nxc4 17. bxc4 Qd7 18. Qe2 Rfe8 19. Re1 Kf8 20. Ne4 Rac8 21. Qb2 Kg8 22. Qa3 Ba8 23. Nxc5 Qd6 24. Ne4 Qxa3 25. Rxa3 Kg7 26. Nd2 Rb8 27. Rxa7 Rb2 28. Nf1 Rc2 29. Ne3 Rc3 30. h3 Kf8 31. g4 f5 32. gxf5 gxf5 33. f4 Kf7 34. Kf2 Kf6 35. Ke2 e5 36. fxe5+ Rxe5 37. Kd2 1-0

[Event "URU-ch"]
[Site "San Jose de Mayo"]
[Date "2015.03.09"]
[Round "6"]
[White "Lopez Azambuja, Nicolas"]
[Black "Sosa Macho, Juan Manuel"]
[Result "1-0"]
[WhiteElo "2281"]
[BlackElo "2141"]
[PlyCount "156"]
[EventDate "2015.03.06"]
[EventType "tourn"]
[EventRounds "11"]
[EventCountry "URU"]
[SourceTitle "CBM 165 Extra"]
[Source "ChessBase"]
[SourceDate "2015.04.21"]
[SourceVersion "1"]
[SourceVersionDate "2015.04.21"]
[SourceQuality "1"]

1. d4 Nf6 2. c4 e6 3. Nc3 Bb4 4. Qc2 d5 5. cxd5 exd5 6. Bg5 c5 7. dxc5 h6 8. Bh4 Nc6 9. e3 Qa5 10. Bxf6 gxf6 11. Nge2 Bg4 12. Nd4 0-0-0 13. Nb3 Bxc3+ 14. Qxc3 Qxc3+ 15. bxc3 Rhe8 16. Bb5 Kc7 17. f3 Bd7 18. Bxc6 Kxc6 19. Kf2 Kb5 20. Rhd1 Bc6 21. Rd4 a5 22. a4+ Ka6 23. Rf4 Re5 24. Nd4 Rde8 25. Nc2 f5 26. Rh4 R8e6 27. Nd4 Rf6 28. Rf4 Bd7 29. g4 b6 30. Nb3 Rc6 31. gxf5 bxc5 32. e4 dxe4 33. fxe4 Rb6 34. Nd2 Re8 35. Nc4 Rb3 36. Rd1 Bc8 37. Rd6+ Ka7 38. Rxh6 Rxc3 39. Nxa5 Ka8 40. Rb6 Rc2+ 41. Ke3 Rxh2 42. Nc4 Ra2 43. Rc6 Kb8 44. a5 Ra4 45. Rxc5 Ba6 46. Nd6 Rh8 47. Rc3 f6 48. Rf2 Rh3+ 49. Rf3 Rh8 50. Rb3+ Ka8 51. Nb5 Rc8 52. Rc3 Rxa5 53. Rxc8+ Bxc8 54. Nc7+ Kb8 55. Nd5 Ra6 56. Rg3 Bb7 57. Rg8+ Ka7 58. Rg7 Kb8 59. Rg8+ Ka7 60. Re8 Ra3+ 61. Kd4 Ra6 62. Re6 Ra4+ 63. Kc5 Kb8 64. Kd6 Bc8 65. Re8 Ra6+ 66. Ke7 Kb7 67. Nxf6 Ra5 68. Nd7 Kc7 69. Rxc8+ Kxc8 70. Nb6+ Kb7 71. Nd5 Kc6 72. f6 Kc5 73. f7 Ra7+ 74. Ke6 Ra6+ 75. Ke7 Ra7+ 76. Kf6 Ra6+ 77. Kg7 Ra7 78. Kg8 Kd4 1-0

[Event "URU-ch"]
[Site "San Jose de Mayo"]
[Date "2015.03.08"]
[Round "4"]
[White "Izquierdo, Daniel"]
[Black "Sosa Macho, Juan Manuel"]
[Result "1-0"]
[WhiteElo "2220"]
[BlackElo "2141"]
[PlyCount "62"]
[EventDate "2015.03.06"]
[EventType "tourn"]
[EventRounds "11"]
[EventCountry "URU"]
[SourceTitle "CBM 165 Extra"]
[Source "ChessBase"]
[SourceDate "2015.04.21"]
[SourceVersion "1"]
[SourceVersionDate "2015.04.21"]
[SourceQuality "1"]

1. Nf3 Nf6 2. c4 g6 3. b3 Bg7 4. Bb2 0-0 5. g3 d5 6. Bg2 dxc4 7. bxc4 c6 8. 0-0 Qb6 9. Qb3 Qxb3 10. axb3 Na6 11. d3 Nd7 12. Bxg7 Kxg7 13. Nc3 Ndc5 14. Rfb1 Nb4 15. Rb2 Rd8 16. Na2 Nca6 17. Ne1 Bg4 18. h3 Bf5 19. Nc2 Nxc2 20. Rxc2 Nc5 21. Nc1 Bc8 22. b4 Na6 23. b5 Nb8 24. Nb3 cxb5 25. cxb5 Be6 26. Nc5 Bd5 27. Nxb7 Bxg2 28. Nxd8 Bxh3 29. b6 a5 30. b7 Ra7 31. Rb1 a4 1-0

[Event "URU-ch sf"]
[Site "Colonia del Sacramento"]
[Date "2015.02.15"]
[Round "4"]
[White "Lopez Falcon, Jorge"]
[Black "Sosa Macho, Juan Manuel"]
[Result "1-0"]
[WhiteElo "2119"]
[BlackElo "2151"]
[PlyCount "171"]
[EventDate "2015.02.13"]
[EventType "swiss"]
[EventRounds "9"]
[EventCountry "URU"]
[SourceTitle "EXT 2017"]
[Source "ChessBase"]
[SourceDate "2016.10.25"]
[SourceVersion "1"]
[SourceVersionDate "2016.10.25"]
[SourceQuality "1"]

1. d4 Nf6 2. c4 g6 3. Nf3 Bg7 4. g3 c6 5. Bg2 d5 6. cxd5 cxd5 7. Nc3 0-0 8. Ne5 Be6 9. 0-0 Nc6 10. Nxc6 bxc6 11. Na4 Qc8 12. Bf4 Nh5 13. Be3 Bh3 14. Rc1 Bxg2 15. Kxg2 f5 16. f4 Nf6 17. Nc5 Ne4 18. Qd3 Rb8 19. b3 Rb5 20. Nxe4 fxe4 21. Qd2 Qb7 22. Kg1 a5 23. Rc2 Ra8 24. Rfc1 Ra6 25. f5 Rb4 26. fxg6 hxg6 27. Bf2 Kh7 28. Qf4 a4 29. Qh4+ Kg8 30. Qg4 Kf7 31. Rf1 Bf6 32. h4 axb3 33. axb3 Ra8 34. h5 Rg8 35. Be3 Qc8 36. hxg6+ Kg7 37. Rf5 Rh8 38. Bg5 Rxb3 39. Bxf6+ exf6 40. Ra2 Qb8 41. Rf4 Rb7 42. Qe6 Qd8 43. Qxc6 Rc7 44. Qe6 Rh6 45. Ra6 Rxg6 46. Rg4 Rxg4 47. Qxg4+ Kh7 48. Qf5+ Kg7 49. Qg4+ Kh7 50. Qh3+ Kg7 51. Qe6 Rd7 52. Kg2 Kg6 53. g4 Qe7 54. Qf5+ Kg7 55. Rxf6 Qxf6 56. Qxd7+ Kh6 57. Qxd5 Qa6 58. Qxe4 Qc4 59. Kf3 Kg7 60. d5 Qc3+ 61. Kg2 Qd2 62. Qe6 Qa2 63. g5 Qc4 64. Qf6+ Kg8 65. Qf3 Qh4 66. d6 Qd4 67. Qf6 Qg4+ 68. Kf2 Qh4+ 69. Ke3 Qg3+ 70. Kd4 Qe1 71. e4 Qb4+ 72. Ke5 Qb5+ 73. Ke6 Qb3+ 74. Kf5 Qf3+ 75. Ke5 Qc3+ 76. Ke6 Qc4+ 77. Ke7 Qb4 78. e5 Qc5 79. e6 Qb4 80. Qe5 Qb8 81. Kf6 Qf8+ 82. Kg6 Qe8+ 83. Kh6 Qf8+ 84. Kh5 Qf3+ 85. Kg6 Qf8 86. d7 1-0

[Event "Montevideo Trebejos Verano op"]
[Site "Montevideo"]
[Date "2015.02.09"]
[Round "7"]
[White "Sosa Macho, Juan Manuel"]
[Black "Muniz, Rafael"]
[Result "1/2-1/2"]
[WhiteElo "2171"]
[BlackElo "2264"]
[PlyCount "141"]
[EventDate "2015.01.26"]
[EventType "swiss"]
[EventRounds "7"]
[EventCountry "URU"]
[SourceTitle "CBM 164 Extra"]
[Source "ChessBase"]
[SourceDate "2015.03.02"]
[SourceVersion "1"]
[SourceVersionDate "2015.03.02"]
[SourceQuality "1"]

1. d4 Nf6 2. c4 e6 3. Nc3 Bb4 4. e3 0-0 5. Nge2 Re8 6. a3 Bf8 7. d5 d6 8. Ng3 exd5 9. cxd5 c5 10. dxc6 bxc6 11. Be2 Ba6 12. 0-0 d5 13. b4 Bxe2 14. Qxe2 Nbd7 15. Rd1 Nb6 16. Bb2 Nc4 17. Na4 Ne4 18. Nxe4 Rxe4 19. Bd4 Qh4 20. Nb2 Nxb2 21. Bxb2 Rae8 22. Qa6 R8e6 23. Rd4 c5 24. Rxe4 Qxe4 25. Qf1 cxb4 26. axb4 Qxb4 27. Ba3 Qb7 28. Bxf8 Kxf8 29. Qd3 h6 30. h3 Kg8 31. Ra5 Rd6 32. Qa3 Qb1+ 33. Kh2 Rf6 34. f3 Rg6 35. Qa2 Qe1 36. Rxd5 Qg3+ 37. Kh1 Kh7 38. Rd1 a5 39. Rg1 Qc7 40. f4 Rc6 41. Qb1+ Kg8 42. Qe4 Re6 43. Qa8+ Kh7 44. Qf3 Qc3 45. e4 Qxf3 46. gxf3 Ra6 47. Ra1 Kg6 48. Kg2 a4 49. Ra3 Kh5 50. Kg3 g5 51. fxg5 Kxg5 52. f4+ Kh5 53. f5 f6 54. Kf4 Ra5 55. Ra2 Kh4 56. Ra3 h5 57. Kf3 Kg5 58. Kg3 h4+ 59. Kf3 Ra8 60. Ke3 Rb8 61. Rxa4 Rb3+ 62. Kd4 Rxh3 63. Ra8 Kf4 64. Rh8 Rh1 65. Kd5 h3 66. Ke6 Kxe4 67. Kxf6 h2 68. Rh4+ Kf3 69. Kf7 Kg3 70. Rh8 Ra1 71. f6 1/2-1/2

[Event "Montevideo Verano Serie A"]
[Site "Montevideo"]
[Date "2014.01.22"]
[Round "7.4"]
[White "Saralegui Cassan, Mario"]
[Black "Sosa Macho, Juan Manuel"]
[Result "1-0"]
[WhiteElo "2096"]
[BlackElo "2178"]
[PlyCount "67"]
[EventDate "2014.01.09"]
[EventType "tourn"]
[EventRounds "7"]
[EventCountry "URU"]
[SourceTitle "EXT 2024"]
[Source "ChessBase"]
[SourceDate "2023.10.10"]
[SourceVersion "1"]
[SourceVersionDate "2023.10.10"]
[SourceQuality "1"]

1. d4 d5 2. c4 dxc4 3. Nf3 c6 4. e3 Be6 5. a4 Nf6 6. Na3 c5 7. Bxc4 Bxc4 8. Nxc4 Nc6 9. 0-0 cxd4 10. exd4 e6 11. Nce5 Nxe5 12. Nxe5 Be7 13. a5 0-0 14. a6 Qd5 15. axb7 Qxb7 16. Qa4 Rfc8 17. Qa6 Qd5 18. Be3 Nd7 19. Ra5 Nc5 20. dxc5 Qxe5 21. b4 Qe4 22. Rb5 h5 23. Qb7 Qd3 24. Ra5 Bf6 25. Rxa7 Rxa7 26. Qxa7 Qb5 27. Qb6 Qxb6 28. cxb6 Rb8 29. Rc1 Bd8 30. Bf4 Rb7 31. Rc8 Rd7 32. g3 Kh7 33. Rxd8 Rxd8 34. b7 1-0

[Event "Montevideo Verano Serie A"]
[Site "Montevideo"]
[Date "2014.01.09"]
[Round "1.1"]
[White "Sosa Macho, Juan Manuel"]
[Black "Izquierdo, Daniel"]
[Result "0-1"]
[WhiteElo "2178"]
[BlackElo "2217"]
[PlyCount "110"]
[EventDate "2014.01.09"]
[EventType "tourn"]
[EventRounds "7"]
[EventCountry "URU"]
[SourceTitle "EXT 2024"]
[Source "ChessBase"]
[SourceDate "2023.10.10"]
[SourceVersion "1"]
[SourceVersionDate "2023.10.10"]
[SourceQuality "1"]

1. d4 d5 2. c4 e6 3. Nc3 c5 4. cxd5 exd5 5. Nf3 Nc6 6. g3 Nf6 7. Bg2 Be7 8. 0-0 0-0 9. Bg5 cxd4 10. Nxd4 h6 11. Be3 Re8 12. Rc1 Qa5 13. Re1 Bb4 14. Nxc6 bxc6 15. a3 Bf8 16. Qa4 Qxa4 17. Nxa4 Ba6 18. Bf3 Ne4 19. Nc3 Ng5 20. Bxg5 hxg5 21. e3 Bc4 22. Red1 Rab8 23. Rd2 f5 24. h3 g6 25. Be2 Bb3 26. Bd1 f4 27. Bxb3 fxe3 28. Bxd5+ cxd5 29. fxe3 Rxe3 30. Nxd5 Rxg3+ 31. Kh2 Rgb3 32. Nf6+ Kf7 33. Ne4 Rxb2 34. Kg3 R8b3+ 35. Kg4 Rxd2 36. Nxd2 Rxa3 37. Rc7+ Be7 38. Nc4 Ra4 39. Kf3 Ke6 40. Ke4 Ra6 41. Rc8 Bd6 42. Rg8 Kf7 43. Rd8 Bf4 44. Kd5 Kf6 45. Rd7 Ra1 46. Kc5 Kf5 47. Rf7+ Ke6 48. Rg7 Kf6 49. Rg8 Rh1 50. Ra8 Rxh3 51. Kd5 Rd3+ 52. Kc6 Rd4 53. Kc5 Rd7 54. Kc6 Rc7+ 55. Kd5 g4 0-1